| 000 | 04048nas a22002897a 4500 | ||
|---|---|---|---|
| 003 | NALT | ||
| 005 | 20251028152333.0 | ||
| 006 | a|||p|r|||| 00| 0 | ||
| 007 | ta | ||
| 008 | 251028b th |||p| |||| 00| 0 tha d | ||
| 022 | _a01250558 | ||
| 040 | _aNALT | ||
| 041 | _atha | ||
| 245 | 0 | 0 | _aดุลพาห ปีที่ 61 ฉบับที่ 1-2 (มกราคม-สิงหาคม 2557). |
| 260 | _aอรุณการพิมพ์. | ||
| 310 | _aรายสี่เดือน | ||
| 500 | _aวารสารเย็บเล่ม | ||
| 505 | 2 | _aปีที่ 61 ฉบับที่ 1 ม.ค.-เม.ย. 2557 -- กฎหมายพาณิชย์ระหว่างประเทศ : ความเป็นจริง ความท้าทายและข้อเรียกร้องให้กฎหมายมีทิศทางเดียวกันอย่างมีความหมาย -- ปัญหาทางกฎหมายในการ คุ้มครองผู้บริโภคเกี่ยวกับการชำระค่าสินค้าล่วงหน้า -- การรับฟังข้อเท็จจริงตามคำพิพากษาคดีอื่นตามหลักกฎหมายปิดปากโดยประเด็นแห่งคดี (Issue Estoppel) -- หลักกฎหมายว่าด้วยการ แบ่งแยกอำนาจ : แนวคิดเกี่ยวกับอำนาจตุลาการในการตรวจสอบถ่วงดุลของสหรัฐอเมริกา. | |
| 505 | 2 | _aปีที่ 61 ฉบับที่ 2 พ.ค.-ส.ค. 2557 -- ผลกระทบของกฎหมายระหว่างประเทศแผนกคดีเมืองต่อโลกธุรกิจและความสำคัญต่อเอเชีย -- ระบบกฎหมายของประเทศสาธารณรัฐสิงคโปร์ -- ปัญหาการคุ้มครองเครื่องหมายที่มีชื่อเสียงแพร่หลายทั่วไป : ศึกษากรณีระบบจดทะเบียนเครื่องหมายเชิงป้องกัน -- การปฏิรูปกฎหมายวิธีพิจารณาความแพ่งของ ลอร์ดวูฟ -- การบริหารจัดการคดีอาชญากรรมข้ามชาติในกระบวนการยุติธรรมไทย -- โครงสร้างความผิดอาญาเยอรมัน : ตรรกะแห่งการวินิจฉัยความผิดอาญา -- การต่อสู้คดีของผู้หญิง ฆ่าสามี -- ปัญหาในทางปฏิบัติเมื่อจำเลยผิดเงื่อนไขคุมความประพฤติ -- ฎีกาวิเคราะห์ : กฎหมายทะเล -- สัมผัสคดีดังต่างประเทศ : หลักการใช้สิทธิในสิทธิบัตรจบสิ้น -- อ่านอย่างไรและเขียนอย่างไรในการสอบผู้ช่วยผู้พิพากษา -- ภาษาอังกฤษกฎหมาย. | |
| 650 | 0 |
_aอาชญากรรมข้ามชาติ _99847 |
|
| 650 | 0 |
_aกฎหมายคุ้มครองผู้บริโภค _955439 |
|
| 850 | _aNALT | ||
| 866 | _aปีที่ 61 ฉบับที่ 1-2 (มกราคม-สิงหาคม 2557). | ||
| 942 | _cBOUND | ||
| 996 |
_aaroonthip.c _bLIBSTF _c2025-10-28 |
||
| 999 |
_c107413 _d107413 |
||
| 998 |
_h179 _j179 _k นางสาวอรุณทิพย์ จันทร์ดิษฐ์ |
||